[Event "Hastings 9596"]
[Site "Hastings"]
[Date "1996.??.??"]
[Round "8"]
[White "Yermolinsky, Alex"]
[Black "Luther, Thomas"]
[Result "1-0"]
[WhiteElo "2560"]
[BlackElo "2550"]
[Annotator "Ftacnik,L"]
[PlyCount "55"]
[EventDate "1995.12.??"]
[EventType "tourn"]
[EventRounds "9"]
[EventCountry "ENG"]
[EventCategory "13"]
[SourceTitle "CBM 051"]
[Source "ChessBase"]
[SourceDate "1996.04.01"]
[SourceVersion "1"]
[SourceVersionDate "1996.04.01"]
[SourceQuality "1"]

1. Nf3 d5 2. d4 e6 3. c4 Nd7 4. Nc3 (4. g3 dxc4 5. Bg2 (5. Qa4 c5 6. Bg2 a6 7.
Qxc4 b5 8. Qc2 Bb7 9. O-O Rc8 10. dxc5 Bxc5 11. Qd3 Ngf6 12. Nc3 b4 13. Nd1 Qb6
14. Ne3 O-O 15. Nc4 Qd8 16. Ng5 Bxg2 17. Kxg2 Qc7 18. b3 {1-0 Horvath,J-Blatny,
P/AUT-chT 9091/1991/ (33)}) 5... Nb6 (5... c5 6. O-O a6 7. a4 Ngf6 8. Nbd2 cxd4
9. Nxc4 Nb6 10. Nxb6 Qxb6 11. a5 Qa7 12. Bf4 Bd7 13. Be5 Bc5 14. Bxd4 Bc6 15.
Rc1 Bxd4 16. Qxd4 Qxd4 17. Nxd4 Bxg2 18. Kxg2 O-O 19. Rc7 {1/2-1/2 Lobach,
P-Blatny,P/Pardubice op/1995/ (46)}) (5... a6 6. Nbd2 b5 7. Ne5 Nxe5 8. Bxa8
Qxd4 9. Bg2 Bc5 10. O-O Nf6 11. Qc2 Neg4 12. Ne4 Nxe4 13. Bxe4 Nxf2 14. Bc6+
Ke7 15. e3 Nh3+ 16. Kh1 Qd6 17. Bg2 e5 18. b3 Qd3 19. Qxd3 cxd3 20. Bb2 f6 {
0-1 Kottke,U-Blatny,P/OLNW 9192 (1992)/1992/ (27)}) 6. O-O Ne7 $5 (6... Nf6 7.
Nbd2 $14) 7. e4 $1 (7. Ne5 Nf5 $1 8. e3 Nd6 (8... c5 9. dxc5 Qxd1 10. Rxd1 Bxc5
11. Nd2 Bxe3 $1 12. Ndxc4 $1 Bc5 13. g4 f6 14. Nxb6 axb6 15. Nc4 b5 16. gxf5
bxc4 17. fxe6 Ra6 18. Bd5 Bxe6 19. Re1 Kf7 20. Rxe6 Rxe6 21. Bxc4 Rc8 {0-1
Mainka,G-Smagin,S/Dortmund op (06)/1995/ (32)}) 9. Nd2 Bd7 $1 $132) 7... Nc6 8.
Nc3 Be7 9. Be3 O-O 10. Qe2 Bd7 11. Rad1 $14 {1/2-1/2 Shipov,S-Smagin,S/Moscow/
1995/ (44)}) (4. Bg5 Be7 5. Bxe7 Nxe7 6. Nc3 dxc4 7. e4 a6 8. a4 b6 9. Bxc4 Bb7
10. O-O Ng6 11. Qe2 O-O 12. Rad1 Qf6 13. Rfe1 Rfd8 14. g3 c5 15. Qe3 cxd4 16.
Nxd4 Nge5 17. Be2 Rac8 18. Rd2 {1/2-1/2 Mikhalchishin,A-Blatny,P/Brno-B (10)/
1991/}) (4. Bf4 c6 5. e3 Ngf6 6. Bd3 dxc4 7. Bxc4 Bb4+ 8. Nbd2 Nd5 9. Bg3 N7f6
10. O-O Ne7 11. a3 Bd6 12. e4 Bxg3 13. hxg3 O-O 14. Qc2 Ng6 15. Rfe1 {1-0 Lein,
A-Goerge,R/WchS-Bad Woerishofen (01) ;EXT 92ch 1992 (29)}) 4... dxc4 (4... Ngf6
) 5. e4 Nb6 (5... c5 6. Bxc4 cxd4 7. Qxd4 Ngf6 8. e5 $14) 6. Bxc4 Nxc4 7. Qa4+
Bd7 (7... c6 8. Qxc4 Nf6 9. O-O $14) 8. Qxc4 {Some players would make early
concessions to avoid the drag of timid drawish lines of the official opening
theory.} Nf6 9. Bg5 h6 $6 (9... Be7 10. O-O O-O 11. Rad1 $14) 10. Bxf6 gxf6 (
10... Qxf6 11. Qxc7 $16) 11. O-O c6 (11... Rg8 12. d5 exd5 13. exd5 $14) 12.
Rfd1 Qa5 13. d5 $1 {Black has misplayed the opening and Yermolinsky opens the
lines against underdeveloped opponent.} Bb4 (13... cxd5 14. exd5 Rc8 15. Qf4
$16) 14. a3 Bxc3 15. b4 Qa4 (15... Bxb4 16. axb4 Qb6 17. Qc3 O-O-O (17... exd5
18. Qxf6 O-O 19. Qxh6 $18) 18. Qxf6 exd5 19. exd5 $40) 16. Qxc3 O-O-O 17. Qxf6
exd5 (17... cxd5 18. Ne5 Rhg8 19. Nxf7 $18) 18. exd5 Be6 (18... Rhg8 19. Ne5 (
19. Qxf7 $2 Rdf8 20. Qe7 Rxf3 21. dxc6 Qxc6 22. b5 Rxf2 23. bxc6 Rgxg2+ 24. Kh1
$10) 19... Bh3 20. g3 Rxd5 (20... cxd5 21. Nxf7 $18) 21. Rxd5 cxd5 22. Qxf7 $18
) 19. d6 Rhg8 (19... Bd5 20. Ne5 Rhg8 21. Rxd5 cxd5 22. Qxf7 Kb8 23. Qxd5 $18)
20. Ne5 {The fight is over before it really begun, since a spare P and the
control of central squares makes white the only favourite.} Qb3 21. Rd3 Qc2 22.
Rad1 Bd5 23. g3 (23. Qf5+ $5 Kb8 24. Rxd5 Qxf5 25. Nxc6+ bxc6 26. Rxf5 $18)
23... Kb8 24. d7 Ka8 (24... Qe2 25. b5 Qe4 26. f3 Qa4 27. bxc6 $18) 25. b5 h5
26. bxc6 bxc6 (26... Bxc6 27. Nxf7 $18) 27. Rxd5 $1 cxd5 28. Qf3 (28. Qf3 Qe4
29. Qxe4 dxe4 30. Nxf7 $18) 1-0

[Event "Interpolis-02"]
[Site "Tilburg"]
[Date "1978.09.09"]
[Round "7"]
[White "Ribli, Zoltan"]
[Black "Portisch, Lajos"]
[Result "1/2-1/2"]
[WhiteElo "2585"]
[BlackElo "2630"]
[Annotator "Ftacnik,L"]
[PlyCount "26"]
[EventDate "1978.09.01"]
[EventType "tourn"]
[EventRounds "11"]
[EventCountry "NED"]
[EventCategory "14"]
[SourceTitle "MCL"]
[Source "ChessBase"]
[SourceDate "1999.07.01"]
[SourceVersion "1"]
[SourceVersionDate "1999.07.01"]
[SourceQuality "1"]

1. Nf3 d5 2. d4 Nf6 3. e3 e6 4. c4 dxc4 5. Bxc4 c5 6. a3 (6. O-O) (6. Qe2) 6...
a6 7. dxc5 Qxd1+ 8. Kxd1 Bxc5 9. b4 Bd6 10. Bb2 b5 11. Bd3 Nbd7 12. Nbd2 Bb7
13. Ke2 Ke7 $10 1/2-1/2

[Event "URS-ch57"]
[Site "Leningrad"]
[Date "1990.??.??"]
[Round "?"]
[White "Eingorn, Vereslav S"]
[Black "Yudasin, Leonid"]
[Result "1/2-1/2"]
[WhiteElo "2550"]
[BlackElo "2615"]
[Annotator "Ftacnik,L"]
[PlyCount "85"]
[EventDate "1990.10.??"]
[EventType "tourn"]
[EventRounds "13"]
[EventCountry "URS"]
[EventCategory "14"]
[SourceTitle "URS-ch"]
[Source "ChessBase"]
[SourceDate "1999.07.01"]
[SourceVersion "1"]
[SourceVersionDate "1999.07.01"]
[SourceQuality "1"]

1. d4 Nf6 2. Nf3 e6 3. c4 c5 4. e3 d5 5. cxd5 exd5 6. Bb5+ Bd7 7. Bxd7+ Nbxd7 (
7... Qxd7 8. Ne5 Qc7 9. Qa4+ Nc6 10. Nc3 $14) 8. O-O c4 (8... Be7 9. dxc5 Nxc5
10. Nc3 O-O 11. b3 $14) 9. a4 $1 (9. b3 b5 10. a4 a6 $10) 9... Rc8 (9... a6 10.
a5 $14) 10. Bd2 (10. b3 $6 c3 $1 11. Qc2 Bb4 $17) 10... Ne4 11. Nc3 Nxc3 (11...
Nxd2 12. Nxd2 Nf6 13. e4 $14) 12. Bxc3 Bd6 13. b3 O-O 14. bxc4 Rxc4 15. Bb2 (
15. Qb3 Qb6 $10) 15... Qb6 16. Ba3 Bxa3 17. Rxa3 Qd6 18. Ra2 Rfc8 19. a5 Rb4
20. h3 h6 21. Qd2 Nf6 22. Rb2 Rxb2 23. Qxb2 Rc7 24. Ne5 Qa6 25. Rc1 (25. Ra1
Nd7 $10) 25... Qxa5 26. Ra1 Qb6 27. Qxb6 axb6 28. Rb1 Ne4 29. Nd3 (29. Rxb6
Rc1+ 30. Kh2 Nxf2 31. Rxb7 Nd1 $10) 29... Rc6 30. Nb4 Rd6 31. Rc1 Rd7 $1 (31...
Kf8 32. Rc7 $16) 32. f3 Nf6 33. Rc8+ Kh7 34. Kf2 Ng8 $1 35. Ke2 Ne7 36. Rc2 Kg6
37. Kd3 h5 38. Na2 h4 39. Rb2 Rd6 40. Nc3 f5 41. Na4 Nc8 42. Nc3 Ne7 43. Na4 {
Ftacnik,L} 1/2-1/2

[Event "Yongchuan zt 3.3"]
[Site "Yongchuan"]
[Date "2003.07.17"]
[Round "6"]
[White "Zhao, Jun"]
[Black "Zhang, Pengxiang"]
[Result "0-1"]
[WhiteElo "2447"]
[BlackElo "2567"]
[Annotator "Gershon,A"]
[PlyCount "108"]
[EventDate "2003.07.11"]
[EventType "tourn"]
[EventRounds "11"]
[EventCountry "CHN"]
[EventCategory "12"]
[SourceTitle "CBM 097"]
[Source "ChessBase"]
[SourceDate "2003.11.11"]
[SourceVersion "1"]
[SourceVersionDate "2003.11.11"]
[SourceQuality "1"]

1. Nf3 d5 2. c4 c6 3. d4 Nf6 4. e3 e6 5. Nbd2 Nbd7 6. Bd3 c5 7. O-O cxd4 8.
exd4 (8. Nxd4 {offers white a small edge in a symetrical position.} Ne5 9. Be2
dxc4 10. Nxc4 Nxc4 11. Qa4+ Bd7 12. Qxc4 Qb6 13. a4 Rc8 14. a5 Qb4 15. Qxb4
Bxb4 16. a6 $14 {1-0 Van Wely,L-Sandipan,C/Moscow RUS 2003/The Week in Chess
433 (44)}) 8... dxc4 (8... Be7 9. b3 O-O 10. Bb2 b6 11. Rc1 Bb7 12. Qe2 Rc8 13.
Rfd1 Re8 14. Bb1 Bf8 15. Ne5 $14 {1/2-1/2 Christenson,F-Gausel,E/Kristiansund
2001/CBM 83 ext (57)}) 9. Nxc4 Be7 10. Qe2 {Keeping a choice of developing the
Q to either 'd1' or 'e1'} ({A different setup chose white in the following
game:} 10. Bf4 O-O 11. Rc1 Nd5 12. Bg3 N7f6 13. a3 h6 14. Re1 Ne8 15. Bb1 $36 {
1-0 Baburin,A-Sharma,D/IND 1999/EXT 2002 (31). (30)}) 10... O-O ({bad is} 10...
b6 {as after} 11. Nce5 Bb7 {black runs into:} 12. Nxf7 $1 Kxf7 13. Ng5+ Ke8 14.
Nxe6 Qc8 15. Re1 {with a decisive attack}) 11. Nce5 b6 12. Ng5 (12. Nc6 Qe8 13.
Bg5 Bd6 {doesn't yield white any significant gain}) 12... Bb7 {Nexf7 was
treatenning} 13. Re1 (13. Nexf7 {Isn't working now} Rxf7 14. Qxe6 Bd5 15. Qxd5
$1 Nxd5 16. Bxh7+ Kf8 (16... Kh8 17. Nxf7+ Kxh7 18. Nxd8 Rxd8 {As white has no
pawn chain to restrain black pieces, I preffer black here.}) 17. Ne6+ Ke8 18.
Nxd8 Kxd8 19. Bg8 $1 Ke8 20. Bxf7+ Kxf7 $15) 13... Bd5 14. Bd2 a5 15. a3 Qc7 $2
{Black wants to transfer the queen to a long diagonal, but afer this move he
will no longer be able to fight for the 'c' file} (15... Rc8 $142) 16. Rac1 Qb7
(16... Qd6 17. Bf4 {[%csl Rd6]}) 17. Bf4 Rad8 (17... Rac8 {is impossible now,
of course} 18. Ba6 $18) (17... Bxg2 18. f3 $18) 18. Ba6 $1 {forcing the Q away
from 7th rank} Qa8 19. Bb5 Bd6 20. Bg3 $2 {The question mark is not for the
move which is ok, but for the missed opportunity to comnclude the game
immediately} (20. Bxd7 $1 Bxe5 (20... Nxd7 {is beautifully refuted by:} 21. Qd3
f5 (21... Nf6 22. Ng4) {and now fritzie comes up with the nice idea:} 22. Nc6
$3 Bxf4 23. Ne7+ Kh8 24. Ng6+ $1 Kg8 (24... hxg6 25. Qh3+ Kg8 26. Qh7#) 25.
Nxf4 $18 {[%csl Re6]}) (20... Rxd7 21. Nxd7 Bxf4 22. Nxf6+ gxf6 23. Ne4 Bxe4 (
23... Bxc1 24. Nxf6+ Kg7 25. Qe5 $1 $18) 24. Qg4+ Bg5 25. h4 $18) 21. Bxe5 Nxd7
22. Bd6 Bxg2 (22... Rfe8 23. Qh5 h6 24. Qxf7+ Kh8 25. Nxe6 $18)) 20... Bb8 21.
Rc3 $2 {An unnecessary waste of a tempo. White goes for the sac on the next
move, but black will have the important 'h6' played.} (21. Ngxf7 $142 Rxf7 22.
Nxf7 Kxf7 23. Bc6 Bxc6 24. Qxe6+ Kg6 25. Rxc6 Bxg3 26. hxg3 {and now black has
to spend a tempo on the vital:} h6 27. d5 $16) 21... h6 22. Ngxf7 Rxf7 23. Nxf7
Kxf7 24. Bc6 Bxc6 (24... Qa7 25. Bxd5 exd5 26. Qe7+ $18) 25. Qxe6+ Kg6 26. Rxc6
Bxg3 27. hxg3 Kh7 {[%cal Gd8e8] Black king is relatively in safety now.
However, white is controling the open files, which, along with a strong 'd'
pawn ensure him an advantage.} 28. Qf5+ Kh8 29. Ree6 $2 {I don't like this
move. The rooks have little to do on the '6th' rank. It's be better to double
them on one of the files} (29. Rce6 $142) 29... Rf8 30. Qg6 Qd8 31. Rcd6 Qc7 (
31... Ne8 32. Rc6 Nef6) 32. Rc6 Qd8 33. Qf5 Nb8 34. Rcd6 Qc7 35. Qf4 (35. Rxb6
$4 Qc1+ 36. Kh2 Nbd7 ({but not} 36... h5 $4 37. Rxf6 $1 gxf6 38. Qxh5+ Kg8 39.
Rb7 $18) 37. Rb7 h5 $19) 35... Nh7 $2 (35... Qc2 $142 36. f3 (36. Rxf6 Rxf6 37.
Rxf6 Qd1+ 38. Kh2 Qh5+ $11) 36... Nbd7 {and black has counterplay.}) 36. Qd2 $4
{losing at once} (36. Qe5 Nd7 37. Re7 Nhf6 38. Qe6 Qc1+ 39. Qe1 Qxb2 40. Rdxd7
Nxd7 41. Rxd7 Qxa3 42. Qe5 $11) 36... Ng5 {[%csl Rd2,Rd6,Re6][%cal Gg5e6,Gg5e4,
Ye4d6,Ye4d2] the awkward positions of the rooks decide the game in black's
favor} 37. Rg6 Ne4 38. Rxh6+ Kg8 (38... gxh6 $4 39. Qxh6+ Kg8 40. Rg6+ Kf7 41.
Qh7+ Ke8 42. Qxc7 $18) 39. Qd3 Nxd6 40. Qh7+ {White still has a few checks to
give ,but the battle is lost} Kf7 41. Qg6+ Kg8 42. Qh7+ Kf7 43. Qg6+ Ke7 44.
Qe6+ (44. Qxg7+ Nf7 $19) 44... Kd8 45. Qxd6+ Nd7 46. Qxc7+ Kxc7 {the rest is a
matter of a simple technique.} 47. Rg6 Rf7 48. b4 Nf8 49. Rg4 a4 {Of course,
not exchanging pawns} 50. b5 Kd6 51. d5 Ra7 52. Rf4 Ng6 53. Rd4 Ne5 54. f4 Kc5
0-1

[Event "Capablanca Memorial Elite 53rd"]
[Site "Havana"]
[Date "2018.05.13"]
[Round "5"]
[White "Dreev, Alexey"]
[Black "Anton Guijarro, David"]
[Result "1-0"]
[WhiteElo "2653"]
[BlackElo "2646"]
[Annotator "Golubev,M"]
[PlyCount "67"]
[EventDate "2018.05.09"]
[EventType "tourn"]
[EventRounds "10"]
[EventCountry "CUB"]
[EventCategory "16"]
[SourceTitle "CBM 185"]
[Source "ChessBase"]
[SourceDate "2018.07.13"]
[SourceVersion "1"]
[SourceVersionDate "2018.07.13"]
[SourceQuality "1"]

1. d4 Nf6 2. Nf3 d5 3. c4 e6 4. Bg5 h6 5. Bxf6 Qxf6 6. Nbd2 $5 {A move
popularised more than 10 years ago by Nikolic and Aronian.} Qd8 $5 {This is
already a rare position.} 7. g3 g6 $5 8. Bg2 Bg7 9. O-O O-O 10. Qc2 Nd7 ({After
} 10... b6 {the move} 11. e4 {can be unpleasanr}) 11. Rac1 c6 12. e4 $1 Qb6 $2
{This is too much!} ({Instead,} 12... dxe4 13. Nxe4 e5 {was probably critical
and still playable for Black.}) 13. Rfd1 $5 ({Also an immediate} 13. e5 $5 {
could have been quite good.}) 13... Rd8 14. e5 $1 $16 {White has an almost
dominating position and Dreev who remains a classy player confidently
converted his advantage in the remaining part of the game.} a5 15. h4 Nf8 16.
Nf1 Bd7 17. Ne3 Be8 18. a3 Rac8 19. Qd2 h5 {Black prevents Ng4.} 20. Bh3 Bh6
21. Ng5 Ra8 22. Rc3 ({At this point White could have started a promising
attack by} 22. g4 $5) 22... Nh7 23. f4 dxc4 24. Nxc4 Qa7 25. Ne4 c5 $6 26. Ncd6
cxd4 27. Rc7 $18 d3+ 28. Qf2 $1 Qxf2+ 29. Kxf2 Ra6 30. Nxe8 Rxe8 31. Nd6 Rb8
32. Nxf7 Bf8 33. Rxd3 Rb6 34. Nd8 $1 1-0

[Event "World Cup"]
[Site "Khanty-Mansiysk"]
[Date "2007.11.26"]
[Round "1.3"]
[White "Gurevich, Mikhail"]
[Black "Kaidanov, Gregory S"]
[Result "1-0"]
[WhiteElo "2627"]
[BlackElo "2597"]
[Annotator "Grivas,E"]
[PlyCount "59"]
[EventDate "2007.11.24"]
[EventType "k.o."]
[EventRounds "7"]
[EventCountry "RUS"]
[SourceTitle "CBM 122"]
[Source "ChessBase"]
[SourceDate "2008.01.30"]
[SourceVersion "1"]
[SourceVersionDate "2008.01.30"]
[SourceQuality "1"]

{The play-offs of the first knockout stage were held today, November 26th,
2007, in Khanty Mansiysk. I would like to mention the success of Mikhail
Gurevich, who eliminated the respectable USA GM Gregory Kaidanov.  Mikhail
Gurevich is representing Turkey for the last two years and he has become an
important figure in Turkish chess life. Just before the start of the play-offs,
Turkish Chess Federation President Mr. Ali Nihat Yazici phoned Mikhail
Gurevich and stated his personal and the TSF's officials support and trust. As
he was sure of Mikhail qualification, he also stated his opinion that against
Adams (coming match) his chances can be rather good! Finally, I have to
comment the huge moral support of Turkish fans, which is really important for
the psychology of any chess-player.  As nowadays I am working as Head Trainer
of the Turkish Men Team and being in Antalya for the World junior Championship,
I was able to have an insight information of all the above!} 1. c4 e6 2. Nf3 d5
3. d4 Nf6 4. e3 {A modest but interesting way of handling a rapid game.
White's strategy is simple: developing his pieces modestly but harmoniously
and waiting for his chances.} Be7 5. b3 O-O ({Another way to handle the
opening is} 5... c6 6. Bd3 Nbd7 7. O-O O-O 8. Ba3 Bxa3 9. Nxa3 Qe7 10. Nb1 e5
11. Nxe5 Nxe5 12. dxe5 Qxe5 13. Nd2 Rd8 14. Qc2 h6 $11 {Khadempour,
F-Boguszlavszkij,J/Budapest 2005.}) 6. Bd3 ({Some players have tried} 6. Nbd2 {
:} c5 7. Bd3 Nc6 8. Bb2 dxc4 9. bxc4 b6 10. O-O Bb7 11. Rc1 (11. a3 Qc7 12. Qe2
Rfd8 13. Rad1 Rac8 14. Rfe1 cxd4 15. exd4 Qf4 $13 {Riediger,M-Epding,O/Bayern
2005}) 11... Rc8 12. Qe2 Qc7 13. Rfd1 h6 14. Bb1 Rfd8 $13 {Simantsev,M-Julin,A/
Kiev 2004. The resulting positions are very similar to 'Queen's Indian
Defence' formations.}) 6... b6 ({A bit passive is} 6... Nbd7 7. O-O Re8 8. Bb2
c6 9. Nbd2 Nf8 10. Ne5 Bd6 11. f4 $14 {Fritz,P-Fehres,W/Tiefenbach 2004 but}) (
{again Black can choose some of the above mentioned 'QID' set-ups with} 6... c5
7. O-O cxd4 (7... b6 8. Bb2 Nc6 9. Nbd2 cxd4 10. exd4 dxc4 11. bxc4 Ba6 12. Rc1
Rc8 13. Qe2 Nb4 14. Bb1 Nbd5 15. Ne5 $14 {Malaniuk,V-Gyimesi,Z/Warsaw 2005}) (
7... Nc6 8. Bb2 Ne4 9. Nbd2 f5 $6 10. Rc1 Bd7 11. cxd5 exd5 12. dxc5 Nxc5 13.
Bb1 $14 {Karayannis,A-Tassopoulos,M/Ermioni 2006}) 8. exd4 Nc6 9. Bb2 (9. a3
dxc4 10. bxc4 b6 11. Bb2 Bb7 12. Nbd2 Qc7 13. Rc1 Rad8 14. Qe2 Qf4 15. Rfe1 $13
{Herich,M-Dichmann,A/Munich 2006}) 9... Nb4 10. Be2 b6 11. a3 Nc6 12. Bd3 Bb7
13. Nbd2 Rc8 14. Rc1 dxc4 15. bxc4 Qd6 16. Qe2 $13 {Kuzubov,Y-Laznicka,V/
Polanica Zdroj 2007.}) 7. cxd5 exd5 (7... Nxd5 8. O-O Bb7 9. Bb2 Nd7 10. Nbd2
c5 11. Qe2 {offers White a tiny but pleasant opening advantage, as in
Bustamante Montoni,R-Mata Gonzalez,F/Villahermosa 2001.}) 8. O-O c5 9. Ne5 Bb7
(9... cxd4 10. exd4 Bb7 11. Bb2 Nc6 12. Nd2 $14 {.}) 10. Bb2 Nbd7 11. Nxd7 ({
Now, after} 11. Nd2 Nxe5 12. dxe5 Ne4 {the presence of White's e-pawn and
Black's c-pawn, allows the latter to equalise.}) 11... Qxd7 12. Nd2 Rac8 13.
Rc1 Qe6 14. Qe2 Rfd8 15. Rfd1 {A double-edged position has appeared on the
board, in which different pawn-structures will be seen in the near future 
(hanging, isolated).} Rc7 16. Nf3 Ne4 $6 ({An inaccuracy which allows White to
grab the advantage. With hindsight I would have gone for} 16... Bd6 $13 {.})
17. dxc5 $1 Rxc5 ({Worse was} 17... bxc5 $6 18. Nd4 $1 Qg6 (18... Qh6 19. Nf5)
19. f3 Rcc8 20. Nb5 a6 21. Na3 f5 22. fxe4 fxe4 23. Bb1 $16 {.}) 18. Nd4 {
Now White obtained an even more pleasant advantage, due to the weak black
isolated d-pawn and his more harmoniously placed pieces.} Qc8 $2 ({A second
important mistake in a row. The only logical follow-up for Black should be} 
18... Qd7 19. a3 Bf6 20. b4 Rxc1 21. Rxc1 Rc8 22. Rxc8+ Qxc8 23. g3 $14 {.})
19. b4 $1 Rxc1 20. Rxc1 Qb8 (20... Qd7 21. Bb5 $1 Qd6 22. Nf5 $18 {.}) 21. Bxe4
$1 {Black's kingside has been left unprotected and White is in a hurry to
exploit this important but short-term advantage.} dxe4 22. Nf5 Bxb4 ({There
was no salvation anymore:} 22... Bf8 23. Nh6+ $1 Kh8 (23... gxh6 24. Qg4+ Bg7
25. Qxg7#) 24. Nxf7+ Kg8 25. Nxd8) (22... Bd6 23. Qh5 $1 (23. Qg4 $2 Be5) 23...
g6 (23... Be5 24. Bxe5 Qxe5 25. Nh6+) 24. Qg5 Kf8 25. Bf6 Rd7 26. Qh6+ Ke8 27.
Ng7+ Kf8 28. Qxh7 {.}) 23. Qg4 g6 24. Qh4 $1 Qc7 ({A small trick as the
alternative} 24... Kf8 25. Be5 $1 Qxe5 (25... Qa8 26. Qh6+ Ke8 27. Ng7+) 26.
Qxd8+ Qe8 27. Qf6 gxf5 28. Rc7 Kg8 29. Rxb7 {was easily wining for White.}) 25.
g4 $1 (25. Rxc7 $4 Rd1# {was too much for White to fall into.}) 25... Qxc1+ 26.
Bxc1 Rd1+ 27. Kg2 gxf5 ({Or} 27... Rxc1 28. Qd8+ Bf8 29. Nh6+ Kg7 30. g5 Rc6
31. Qd4+ f6 32. Qd7+ Kh8 33. Qf7 {.}) 28. Bb2 Rd6 29. Bf6 $1 Rd1 (29... fxg4
30. Be7 {.}) 30. Qh6 1-0

[Event "FRA-chT"]
[Site "France"]
[Date "1999.??.??"]
[Round "1"]
[White "Gurevich, Mikhail"]
[Black "Apicella, Manuel"]
[Result "1-0"]
[WhiteElo "2629"]
[BlackElo "2515"]
[Annotator "Gurevich,M"]
[PlyCount "109"]
[EventDate "1999.02.??"]
[EventType "team"]
[EventRounds "11"]
[EventCountry "FRA"]
[SourceTitle "CBM 069"]
[Source "ChessBase"]
[SourceDate "1999.04.01"]
[SourceVersion "1"]
[SourceVersionDate "1999.04.01"]
[SourceQuality "1"]

1. c4 e6 2. Nf3 d5 3. d4 c6 4. Qc2 Bd6 5. g3 f5 6. Bf4 Bxf4 7. gxf4 Nf6 8. Nbd2
$5 {TN} (8. e3 O-O 9. Nc3 Ne4 10. O-O-O Nd7 11. Bd3 b6 12. Rhg1 (12. cxd5 cxd5
13. Kb1 Bb7 14. Bxe4 fxe4 15. Nd2 Ba6 16. Ka1 Bd3 $15 {1/2-1/2 Salov,
V-Onischuk,A/Elista 1998 (48)}) 12... Bb7 13. Bxe4 fxe4 14. Ne5 Nxe5 15. dxe5
Qh4 $132 {0-1 Leski,M-Apicella,M/FRA 1998/CBM 64 ext (32)}) 8... Ne4 9. e3 Nd7
10. Rg1 O-O 11. Bd3 Qe7 (11... c5 12. Rd1 Qa5 13. a3 $14) 12. Rg2 $5 {[/\ 13.
0-0-0; 13.Ke2, 14.Rag1 |^>>]} b6 (12... c5 $5) 13. cxd5 cxd5 14. Ke2 (14. Qc6
Rb8 15. Rc1 Bb7 $132) (14. Qc7 $5 Re8 (14... Qb4 15. Qc6 $18) 15. Ke2 $14)
14... Ndf6 15. Rag1 g6 16. Ne5 Bd7 17. Qb3 (17. Nxg6 hxg6 18. Rxg6+ Kh8 19. Qc7
Qd6 $13) 17... Nxd2 18. Kxd2 Rfc8 19. a3 $5 {[/\20.h4, 21.Qd1, 22.h5|^>>]} a5
20. h4 Be8 (20... a4 21. Qd1 b5 22. h5 b4 23. hxg6 h6 24. Qa1 $5 $14) 21. Qd1
Kh8 22. h5 $1 gxh5 (22... Nxh5 $2 23. Qxh5 gxh5 24. Rg8#) 23. Qf3 $1 {[/
\Qf3-g3 ->]} Ng4 24. Qh3 Bf7 (24... Ra7 25. f3 Nf6 26. Qg3 $40) 25. Nxg4 hxg4
26. Rxg4 Qf6 (26... Rg8 $4 27. Qxh7+ Kxh7 28. Rh1+ Bh5 29. Rxh5#) 27. Rh4 Bg6
28. Rh6 Rg8 29. Be2 Qf7 30. Qh4 Rac8 31. Bd1 $138 Rg7 32. Be2 Rgg8 33. Bd3 Rg7
34. Qg5 $5 {[/\ 35. Rhh1, 36.Rc1]} Kg8 $2 (34... Rgg8 $142 $14) 35. Rhh1 Qe7
36. Rc1 $16 Rxc1 37. Rxc1 Qxg5 $2 $138 38. fxg5 Bh5 39. Rc8+ Kf7 40. f4 $18 h6
41. gxh6 Rg2+ 42. Kc3 Bg6 43. Rb8 Rg3 44. Kd2 Rg2+ 45. Kc3 Rg3 46. Rxb6 Rxe3
47. b4 $1 axb4+ 48. Rxb4 Bh5 49. Kd2 Rf3 50. a4 Kg6 51. a5 Rf2+ 52. Kc3 Ra2 53.
a6 Kxh6 54. Rb2 Ra3+ 55. Kb4 $1 1-0